000 00397nam a2200169Ia 4500
001 22389
005 20260414150828.0
008 260414t2007||||xx |||||||||||||| ||spa||
041 _aESP
082 _a621.38043
_bP77 2007
100 _aProakis, John G.
_eAUT
245 0 _aTratamiento digital de seƱales
_b
260 _c2007
650 _aTCA
654 _aCET
942 _cLIB
_dJUS
_fJUS
_2ddc
_n
999 _c22389
_d22389